Produkce masa v Bolívii v letech 2000-2005
Charakteristika svetovej produkcie hovädzieho mäsa. Analýza situácie na trhu s mäsom v Bolívii v rokoch 2000-2005 s dôrazom na zhodnotenie potenciálu sektora hovädzieho mäsa. Prehľad hlavných producentov hovädzieho mäsa.
Salvato in:
| Autore principale: | |
|---|---|
| Natura: | Capitolo di libro |
| Lingua: | ceco |
| Soggetti: | |
| Tags: |
Nessun Tag, puoi essere il primo ad aggiungerne!!
|
MARC
| LEADER | 00000naa$a2200000$$$4500 | ||
|---|---|---|---|
| 001 | 0089014 | ||
| 005 | 20231116104555.5 | ||
| 041 | 0 | |a cze | |
| 044 | |a CZ | ||
| 245 | 1 | 0 | |a Produkce masa v Bolívii v letech 2000-2005 |c Shirley Consuelo Banús Vidal |
| 520 | |a Charakteristika svetovej produkcie hovädzieho mäsa. Analýza situácie na trhu s mäsom v Bolívii v rokoch 2000-2005 s dôrazom na zhodnotenie potenciálu sektora hovädzieho mäsa. Prehľad hlavných producentov hovädzieho mäsa. | ||
| 610 | 2 | 0 | |a trh potravinový |
| 610 | 2 | 0 | |a Bolívia |
| 610 | 2 | 0 | |a obchod svetový |
| 610 | 2 | 0 | |a mäso |
| 610 | 2 | 0 | |a mäsopriemysel |
| 100 | 1 | |a Vidal, Shirley Consuelo Banús | |